[Event "CZE-ch Seniors 65"]
[Site "Olomouc"]
[Date "2023.08.16"]
[Round "6"]
[White "Heppell, Ian"]
[Black "Kubicek, Antonin"]
[Result "1/2-1/2"]
[WhiteElo "1946"]
[BlackElo "2068"]
[PlyCount "162"]
[EventDate "2023.08.12"]
[EventType "swiss"]
[EventRounds "9"]
[EventCountry "CZE"]
[SourceTitle "EXT 2024"]
[Source "ChessBase"]
[SourceDate "2023.10.10"]
[SourceVersion "1"]
[SourceVersionDate "2023.10.10"]
[SourceQuality "1"]

1. e4 g6 2. d4 Bg7 3. Nf3 d6 4. c3 Nf6 5. Bd3 0-0 6. 0-0 Nbd7 7. Re1 e5 8. Nbd2 Re8 9. Qb3 h6 10. a4 a5 11. Nf1 c6 12. Ng3 Qc7 13. Bd2 Nf8 14. dxe5 dxe5 15. Be3 Be6 16. Bc4 N8d7 17. Bxe6 Rxe6 18. h3 Bf8 19. Red1 Nc5 20. Qc4 Nfd7 21. Nd2 Nb6 22. Qe2 Ncxa4 23. Nb3 Rd6 24. Rxd6 Qxd6 25. Nf1 Qe6 26. Nfd2 c5 27. Qb5 Qc6 28. Qxc6 bxc6 29. c4 Nxb2 30. Rxa5 Rxa5 31. Nxa5 Nd1 32. Nf1 Nc3 33. Nd2 Ne2+ 34. Kf1 Nd4 35. f4 f6 36. fxe5 fxe5 37. Nf3 Nd7 38. Kf2 Kf7 39. Bxd4 cxd4 40. Nxc6 Kf6 41. Ne1 Nc5 42. Kf3 h5 43. Nb4 Bh6 44. Ned3 Nb3 45. Nc6 Nd2+ 46. Ke2 Nxc4 47. Kf1 Ke6 48. Ke2 Kd6 49. Nd8 Kd7 50. Nf7 Bg7 51. Ng5 Bf6 52. Nf3 h4 53. Nd2 Ne3 54. Kf2 Kd6 55. g3 Ke6 56. gxh4 Bxh4+ 57. Kf3 Be7 58. Kg3 Bf6 59. Nc5+ Kd6 60. Nd3 Nd1 61. Nc4+ Ke6 62. Nd2 Nc3 63. Kg4 Be7 64. Kf3 Bd6 65. Kg4 Kf6 66. h4 Na4 67. Kf3 Ke6 68. Kg4 Nc5 69. Nf2 Kf6 70. Nc4 Bf8 71. h5 gxh5+ 72. Kxh5 Ke6 73. Kg4 Bh6 74. Kf3 d3 75. Nb2 d2 76. Ke2 Nb3 77. Nc4 Bf4 78. Kd1 Kd7 79. Nd3 Ke6 80. Nxf4+ exf4 81. Nxd2 Nd4 1/2-1/2

[Event "Olomouc Seniors op"]
[Site "Olomouc"]
[Date "2022.08.19"]
[Round "8"]
[White "Kubicek, Antonin"]
[Black "Kudrlicka, Ladislav"]
[Result "1/2-1/2"]
[WhiteElo "2084"]
[BlackElo "2003"]
[PlyCount "72"]
[EventDate "2022.08.13"]
[EventType "swiss"]
[EventRounds "9"]
[EventCountry "CZE"]
[SourceTitle "CBM 209 Extra"]
[Source "ChessBase"]
[SourceDate "2022.09.30"]
[SourceVersion "1"]
[SourceVersionDate "2022.09.30"]
[SourceQuality "1"]

1. c4 e6 2. Nf3 d5 3. g3 Nf6 4. Bg2 c6 5. b3 Nbd7 6. Bb2 Bd6 7. d4 0-0 8. 0-0 Ne4 9. Nbd2 f5 10. Ne5 Ndf6 11. f3 Nxd2 12. Qxd2 Bd7 13. Qc2 Rc8 14. e4 fxe4 15. fxe4 Be8 16. h3 Qc7 17. Rac1 dxe4 18. Bxe4 c5 19. Rce1 Bxe5 20. dxe5 Nxe4 21. Rxf8+ Kxf8 22. Qxe4 Kg8 23. Qg4 Qe7 24. Rd1 Bc6 25. Rd6 Re8 26. Ba3 Qf7 27. Bxc5 h5 28. Qe2 Qf5 29. Kh2 h4 30. Rd4 Qb1 31. Rd1 Qf5 32. Rg1 Rd8 33. Bd6 Rd7 34. Rf1 hxg3+ 35. Kxg3 Qg5+ 36. Kh2 Rf7 1/2-1/2

[Event "CZE-ch Juniors FIDE op"]
[Site "Kouty nad Desnou"]
[Date "2020.03.12"]
[Round "7"]
[White "Kubicek, Antonin"]
[Black "Horak, Martin"]
[Result "0-1"]
[WhiteElo "2113"]
[BlackElo "2329"]
[PlyCount "94"]
[EventDate "2020.03.07"]
[EventType "swiss"]
[EventRounds "7"]
[EventCountry "CZE"]
[SourceTitle "CBM 195 Extra"]
[Source "ChessBase"]
[SourceDate "2020.05.31"]
[SourceVersion "1"]
[SourceVersionDate "2020.05.31"]
[SourceQuality "1"]

1. d4 Nf6 2. Nf3 c5 3. d5 b5 4. Bg5 Qb6 5. Nc3 b4 6. Na4 Qa5 7. c4 d6 8. Nd2 Bd7 9. b3 Bxa4 10. bxa4 Nbd7 11. e4 Nb6 12. e5 dxe5 13. Nb3 Qxa4 14. Nxc5 Qxd1+ 15. Rxd1 Rc8 16. Na6 Nxc4 17. Rc1 Nb6 18. Rxc8+ Nxc8 19. Bb5+ Kd8 20. Nxb4 e6 21. Nc6+ Kc7 22. dxe6 a6 23. Ba4 Nb6 24. e7 Bxe7 25. Nxe7 Nxa4 26. Bxf6 gxf6 27. Nd5+ Kd6 28. Nxf6 Ke6 29. Ne4 f5 30. Ng5+ Kf6 31. h4 h6 32. Nf3 e4 33. Nd4 Rd8 34. Nb3 Nc3 35. 0-0 f4 36. Re1 Kf5 37. Kh2 Nd1 38. Re2 Rd5 39. Kg1 e3 40. fxe3 fxe3 41. g3 Ke4 42. Kg2 Nc3 43. Re1 e2 44. Kf2 Rf5+ 45. Kg2 Ke3 46. g4 Rf2+ 47. Kg1 Rf4 0-1

[Event "CZE-chT2F 1617"]
[Site "Czech Republic"]
[Date "2016.10.23"]
[Round "2"]
[White "Kubicek, Antonin"]
[Black "Zavesicky, Petr"]
[Result "1-0"]
[WhiteElo "2172"]
[BlackElo "2004"]
[PlyCount "81"]
[EventDate "2016.10.09"]
[EventType "team-tourn"]
[EventRounds "11"]
[EventCountry "CZE"]
[SourceTitle "EXT 2022"]
[Source "ChessBase"]
[SourceDate "2021.10.06"]
[SourceVersion "1"]
[SourceVersionDate "2021.10.06"]
[SourceQuality "1"]
[WhiteTeam "Velke Losiny"]
[BlackTeam "Dobra"]
[WhiteTeamCountry "CZE"]
[BlackTeamCountry "CZE"]

1. c4 e5 2. Nc3 Nf6 3. g3 Nc6 4. Bg2 Bb4 5. Nf3 0-0 6. 0-0 Re8 7. Nd5 Bc5 8. d3 h6 9. e3 a5 10. d4 Ba7 11. dxe5 Nxe5 12. Nxe5 Rxe5 13. Bd2 Nxd5 14. cxd5 Bc5 15. Bc3 Re8 16. e4 d6 17. Qd2 a4 18. Kh1 f5 19. Rfe1 f4 20. e5 fxg3 21. hxg3 dxe5 22. Bxe5 Bd6 23. Qd4 Bxe5 24. Rxe5 Rxe5 25. Qxe5 Bd7 26. Re1 Qe8 27. f4 Qg6 28. Qc3 Qd6 29. Re5 Rf8 30. Be4 Rd8 31. Bc2 Re8 32. Qd4 Qa6 33. Bd3 Qd6 34. Qe4 Rf8 35. Qh7+ Kf7 36. Kh2 Qb6 37. Re2 Qd6 38. Re5 Qb6 39. Kh1 Qd6 40. Be2 Kf6 41. Bh5 1-0

[Event "CZE-chT2D 1415"]
[Site "Czech Republic"]
[Date "2015.02.22"]
[Round "8.4"]
[White "Smejkal, Jan1111"]
[Black "Kubicek, Antonin"]
[Result "0-1"]
[WhiteElo "1952"]
[BlackElo "2192"]
[PlyCount "70"]
[EventDate "2014.11.02"]
[EventType "team-tourn"]
[EventRounds "11"]
[EventCountry "CZE"]
[SourceTitle "EXT 2022"]
[Source "ChessBase"]
[SourceDate "2021.10.06"]
[SourceVersion "1"]
[SourceVersionDate "2021.10.06"]
[SourceQuality "1"]
[WhiteTeam "Policka Stefanydes II"]
[BlackTeam "Velke Losiny"]
[WhiteTeamCountry "CZE"]
[BlackTeamCountry "CZE"]

1. Nf3 Nf6 2. g3 d5 3. Bg2 c6 4. 0-0 Bg4 5. c4 Nbd7 6. cxd5 cxd5 7. d4 e6 8. Nc3 Be7 9. Bf4 0-0 10. Rc1 a6 11. Na4 Rc8 12. Rxc8 Qxc8 13. Qb3 b5 14. Nc3 Qc4 15. Nd2 Qxd4 16. a3 Qa7 17. h3 Bh5 18. e4 e5 19. Bg5 d4 20. Bxf6 Nxf6 21. Nd5 Nxd5 22. exd5 Kh8 23. Ne4 f5 24. d6 Bd8 25. g4 Bf7 26. Qb4 fxe4 27. Bxe4 Be6 28. Bc6 Qf7 29. d7 Be7 30. Qa5 Bh4 31. f4 Bxd7 32. Qxa6 Bxc6 33. Qxc6 exf4 34. Qxb5 f3 35. Qc6 Qf4 0-1

[Event "CZE-chT2D 1415"]
[Site "Czech Republic"]
[Date "2015.01.11"]
[Round "5.4"]
[White "Kubicek, Antonin"]
[Black "Sykora, Josef"]
[Result "1-0"]
[WhiteElo "2192"]
[BlackElo "2117"]
[PlyCount "67"]
[EventDate "2014.11.02"]
[EventType "team-tourn"]
[EventRounds "11"]
[EventCountry "CZE"]
[SourceTitle "EXT 2022"]
[Source "ChessBase"]
[SourceDate "2021.10.06"]
[SourceVersion "1"]
[SourceVersionDate "2021.10.06"]
[SourceQuality "1"]
[WhiteTeam "Velke Losiny"]
[BlackTeam "Pardubice AKIS"]
[WhiteTeamCountry "CZE"]
[BlackTeamCountry "CZE"]

1. c4 Nf6 2. Nc3 e5 3. Nf3 Nc6 4. g3 d5 5. cxd5 Nxd5 6. Bg2 Nb6 7. 0-0 Be7 8. d3 0-0 9. Be3 Be6 10. a3 f6 11. Na4 Nd4 12. Bxd4 exd4 13. Rc1 Qd7 14. Nc5 Bxc5 15. Rxc5 c6 16. b4 Rfe8 17. a4 a6 18. a5 Nc8 19. Qa1 Rd8 20. Nd2 Na7 21. Nc4 Qe7 22. Re1 Nb5 23. Na3 Nxa3 24. Qxa3 Rd7 25. Qc1 Rad8 26. Qf4 Bd5 27. Bh3 Be6 28. Bf1 Qd6 29. Qd2 Bf7 30. Rec1 Re7 31. R1c2 Rde8 32. Qf4 Qxf4 33. gxf4 Bh5 34. Rxh5 1-0

[Event "CZE-chT2D 1415"]
[Site "Czech Republic"]
[Date "2014.11.30"]
[Round "3.4"]
[White "Ptacek, Tomas"]
[Black "Kubicek, Antonin"]
[Result "1-0"]
[WhiteElo "1999"]
[BlackElo "2192"]
[PlyCount "71"]
[EventDate "2014.11.02"]
[EventType "team-tourn"]
[EventRounds "11"]
[EventCountry "CZE"]
[SourceTitle "EXT 2022"]
[Source "ChessBase"]
[SourceDate "2021.10.06"]
[SourceVersion "1"]
[SourceVersionDate "2021.10.06"]
[SourceQuality "1"]
[WhiteTeam "Hradec Kralove II"]
[BlackTeam "Velke Losiny"]
[WhiteTeamCountry "CZE"]
[BlackTeamCountry "CZE"]

1. e4 g6 2. d4 Bg7 3. Nc3 d6 4. Be3 c6 5. Qd2 b5 6. 0-0-0 Nd7 7. h4 h5 8. Nf3 Ngf6 9. e5 b4 10. Nb1 Nd5 11. e6 fxe6 12. Bd3 Nf8 13. Rh3 e5 14. Rg3 Bg4 15. dxe5 Nxe3 16. fxe3 Qb6 17. exd6 exd6 18. Rf1 0-0-0 19. Ng5 Be5 20. Rxg4 hxg4 21. Nf7 Re8 22. Nxh8 Bxh8 23. Rf4 a5 24. Qe2 Nd7 25. Nd2 Ne5 26. Ne4 c5 27. Nf6 Bxf6 28. Rxf6 Kb8 29. Bxg6 Nxg6 30. Rxg6 c4 31. Rxg4 c3 32. Rg5 Rxe3 33. Rg8+ Kb7 34. Rg7+ Kb8 35. Qf2 cxb2+ 36. Kb1 1-0

[Event "CZE-chT2D 1213"]
[Site "Czech Republic"]
[Date "2013.02.03"]
[Round "8.3"]
[White "Kubicek, Antonin"]
[Black "Goluch, Piotr"]
[Result "0-1"]
[WhiteElo "2208"]
[BlackElo "2272"]
[PlyCount "92"]
[EventDate "2012.10.14"]
[EventType "team-tourn"]
[EventRounds "11"]
[EventCountry "CZE"]
[SourceTitle "EXT 2016"]
[Source "ChessBase"]
[SourceDate "2015.10.08"]
[SourceVersion "1"]
[SourceVersionDate "2015.10.08"]
[SourceQuality "1"]
[WhiteTeam "Sumperk"]
[BlackTeam "Rychnov nad Kneznou"]
[WhiteTeamCountry "CZE"]
[BlackTeamCountry "CZE"]

1. c4 Nf6 2. Nc3 g6 3. g3 Bg7 4. Bg2 0-0 5. Nf3 c5 6. 0-0 Nc6 7. Rb1 d5 8. cxd5 Nxd5 9. Qa4 Nc7 10. d3 Rb8 11. Qh4 e5 12. Qxd8 Rxd8 13. Nd2 Nd4 14. b4 cxb4 15. Rxb4 b5 16. Rb1 Bg4 17. f3 Be6 18. Ba3 Nd5 19. Nxd5 Bxd5 20. Kf2 Bxa2 21. Ra1 Be6 22. Bc5 e4 23. fxe4 Nc6 24. Ra6 Rbc8 25. e5 Nxe5 26. Bxa7 Rc2 27. Bb6 Re8 28. Rd1 Bg4 29. Ra8 Rxa8 30. Bxa8 Nxd3+ 31. Kf1 Rc8 32. Bf3 Bxf3 33. Nxf3 Nb2 34. Rd7 Nc4 35. Bd4 Bxd4 36. Nxd4 Rb8 37. Nc6 Rb6 38. Rc7 Ne3+ 39. Kf2 Ng4+ 40. Kg2 b4 41. Ne7+ Kg7 42. Nd5 Rb5 43. e4 Nf6 44. Rc4 Nxd5 45. exd5 b3 46. d6 b2 0-1

[Event "CZE-chT2D 1213"]
[Site "Czech Republic"]
[Date "2013.01.06"]
[Round "6.3"]
[White "Kubicek, Antonin"]
[Black "Balacek, Tadeas"]
[Result "0-1"]
[WhiteElo "2208"]
[BlackElo "2217"]
[PlyCount "124"]
[EventDate "2012.10.14"]
[EventType "team-tourn"]
[EventRounds "11"]
[EventCountry "CZE"]
[SourceTitle "EXT 2016"]
[Source "ChessBase"]
[SourceDate "2015.10.08"]
[SourceVersion "1"]
[SourceVersionDate "2015.10.08"]
[SourceQuality "1"]
[WhiteTeam "Sumperk"]
[BlackTeam "Vysoke Myto"]
[WhiteTeamCountry "CZE"]
[BlackTeamCountry "CZE"]

1. d4 Nf6 2. Nf3 g6 3. c3 Bg7 4. Bg5 b6 5. Nbd2 Bb7 6. h3 0-0 7. e3 d6 8. Be2 c5 9. a4 a6 10. 0-0 Nbd7 11. Re1 Rc8 12. Qb3 Qc7 13. Qa3 e5 14. Rad1 e4 15. Nh2 d5 16. Bf4 Qc6 17. dxc5 Nxc5 18. a5 b5 19. Nb3 Nxb3 20. Qxb3 Nd7 21. Nf1 Nc5 22. Qa2 Ne6 23. Bh2 f5 24. Nd2 h5 25. Nb3 f4 26. exf4 Nxf4 27. Bxf4 Rxf4 28. Nd4 Qc5 29. g3 Rf7 30. Bf1 Rcf8 31. Re2 Qd6 32. Bg2 Kh8 33. Nc2 Qc5 34. Nd4 Qd6 35. Nc2 Qc5 36. Nd4 Rf6 37. Rf1 Bh6 38. Kh2 h4 39. Qa1 Qd6 40. Qd1 Bc8 41. Nc2 Rxf2 42. Rexf2 hxg3+ 43. Kg1 gxf2+ 44. Rxf2 Qc5 45. Qd4+ Qxd4 46. cxd4 Rxf2 47. Kxf2 Bd2 48. b4 Kg7 49. Ke2 Bc3 50. Ke3 g5 51. Kf2 Kg6 52. Kg3 Bd2 53. Bf1 Bf4+ 54. Kg2 Kh5 55. Na3 Kh4 56. Kf2 Bd2 57. Nxb5 axb5 58. Bxb5 Bxb4 59. a6 Bc3 60. Ke3 Kxh3 61. a7 Bb7 62. Bd7+ g4 0-1

[Event "Kouty nad Desnou op-A"]
[Site "Kouty nad Desnou"]
[Date "2012.03.15"]
[Round "7"]
[White "Kubicek, Antonin"]
[Black "Framberk, Jan"]
[Result "1-0"]
[WhiteElo "2255"]
[BlackElo "2008"]
[PlyCount "93"]
[EventDate "2012.03.10"]
[EventType "swiss"]
[EventRounds "9"]
[EventCountry "CZE"]
[SourceTitle "EXT 2013"]
[Source "ChessBase"]
[SourceDate "2012.11.22"]
[SourceVersion "1"]
[SourceVersionDate "2012.11.22"]
[SourceQuality "1"]

1. c4 e5 2. Nf3 Nc6 3. Nc3 f5 4. e4 Bb4 5. Nd5 fxe4 6. Nxe5 Nxe5 7. Nxb4 Nf6 8. d4 exd3 9. Nxd3 Nxc4 10. b3 Qe7+ 11. Be2 Nb6 12. 0-0 0-0 13. Bb2 d6 14. Bf3 a5 15. Re1 Qf7 16. Bd4 c5 17. Be3 c4 18. Bxb6 cxd3 19. Qxd3 d5 20. Re5 Be6 21. Rae1 Rfe8 22. Qd4 a4 23. bxa4 Rac8 24. a5 Rc4 25. Qd2 Qd7 26. Be2 Re4 27. Rxe4 Nxe4 28. Qd4 Rc8 29. Qe5 Rc2 30. f3 Nf6 31. Bd3 Rd2 32. Qe3 Rxd3 33. Qxd3 Bf7 34. Bd4 Ne8 35. a6 bxa6 36. Qxa6 h6 37. a4 Nd6 38. a5 Qa4 39. Bf2 Nb5 40. Qc8+ Kh7 41. Qd7 Bg6 42. Qxd5 Qxa5 43. h4 Qb4 44. h5 Bc2 45. Re8 Qb3 46. Qa8 g5 47. Re7+ 1-0

[Event "CZE-chT1E 1011"]
[Site "Czech Republic"]
[Date "2010.10.10"]
[Round "1.4"]
[White "Ringel, Zbynek"]
[Black "Kubicek, Antonin"]
[Result "1-0"]
[WhiteElo "2265"]
[BlackElo "2279"]
[PlyCount "61"]
[EventDate "2010.10.10"]
[EventType "team-tourn"]
[EventRounds "11"]
[EventCountry "CZE"]
[SourceTitle "EXT 2012"]
[Source "ChessBase"]
[SourceDate "2011.11.24"]
[SourceVersion "1"]
[SourceVersionDate "2011.11.24"]
[SourceQuality "1"]
[WhiteTeam "Rychnov nad Kneznou"]
[BlackTeam "Litovel II"]
[WhiteTeamCountry "CZE"]
[BlackTeamCountry "CZE"]

1. e4 g6 2. d4 Bg7 3. Nc3 d6 4. Bg5 c6 5. Qd2 b5 6. 0-0-0 Nd7 7. Kb1 Nb6 8. Nf3 a5 9. e5 d5 10. Ne2 Nc4 11. Qe1 Bg4 12. Nf4 Qc7 13. Nd3 e6 14. Be2 h6 15. Bh4 g5 16. Bg3 Ne7 17. h4 Nf5 18. hxg5 Bxf3 19. gxh6 Rxh6 20. Bxf3 Nxd4 21. Rxh6 Bxh6 22. Bg4 b4 23. Qh1 Bf8 24. Qh7 a4 25. Nf4 Qa7 26. Bh5 b3 27. Rxd4 bxc2+ 28. Kxc2 Nxe5 29. Nxe6 Bd6 30. Rd2 Ke7 31. Bxe5 1-0

[Event "Kouty nad Desnou op-A"]
[Site "Kouty nad Desnou"]
[Date "2010.03.09"]
[Round "5"]
[White "Kubicek, Antonin"]
[Black "Novotny, Michal"]
[Result "1/2-1/2"]
[WhiteElo "2260"]
[BlackElo "2292"]
[PlyCount "125"]
[EventDate "2010.03.06"]
[EventType "swiss"]
[EventRounds "9"]
[EventCountry "CZE"]
[SourceTitle "CBM 135 Extra"]
[Source "ChessBase"]
[SourceDate "2010.05.04"]
[SourceVersion "1"]
[SourceVersionDate "2010.05.04"]
[SourceQuality "1"]

1. c4 Nc6 2. g3 d5 3. cxd5 Qxd5 4. Nf3 Qh5 5. Qb3 Rb8 6. d4 Be6 7. Qd1 Nf6 8. Nc3 Rd8 9. h3 Bc4 10. Bg2 e6 11. Qa4 Bb4 12. Nd2 Bxc3 13. Bxc6+ bxc6 14. Qxc6+ Rd7 15. Qxc4 Bxd4 16. Nf3 Bb6 17. Bg5 0-0 18. g4 Qg6 19. Bf4 Qe4 20. Qxe4 Nxe4 21. 0-0 f6 22. Rac1 Rfd8 23. Be3 Bxe3 24. fxe3 c5 25. Kg2 Rb8 26. b3 a5 27. Rfd1 Rxd1 28. Rxd1 a4 29. Rd3 e5 30. Ne1 c4 31. bxc4 Rb2 32. Ra3 Rb4 33. c5 Nxc5 34. Nd3 Nxd3 35. exd3 Kf7 36. Kf3 Ke6 37. Rc3 Kd6 38. h4 g6 39. h5 gxh5 40. gxh5 Rh4 41. Kg3 Rxh5 42. Ra3 e4 43. dxe4 Ra5 44. Kf4 Kc5 45. Rd3 Ra6 46. Rd4 a3 47. e5 Re6 48. Ra4 Rxe5 49. Rxa3 Re6 50. e4 Kd4 51. Ra4+ Kd3 52. Rb4 Re5 53. a4 Ra5 54. Rb3+ Kd4 55. Ra3 h5 56. Ra1 h4 57. Rd1+ Kc3 58. Rd6 h3 59. Rd1 Rxa4 60. Rh1 Kd4 61. Rxh3 Ra1 62. Rf3 Re1 63. Kf5 1/2-1/2

[Event "CZE-chT1E 0910"]
[Site "Czech Republic"]
[Date "2009.10.11"]
[Round "3.5"]
[White "Kubicek, Antonin"]
[Black "Kubos, Rostislav"]
[Result "1/2-1/2"]
[WhiteElo "2259"]
[BlackElo "2207"]
[PlyCount "80"]
[EventDate "2009.11.15"]
[EventType "team-tourn"]
[EventRounds "11"]
[EventCountry "CZE"]
[SourceTitle "EXT 2011"]
[Source "ChessBase"]
[SourceDate "2010.11.26"]
[SourceVersion "1"]
[SourceVersionDate "2010.11.26"]
[SourceQuality "1"]
[WhiteTeam "Litovel II"]
[BlackTeam "Orlova Slavia"]
[WhiteTeamCountry "CZE"]
[BlackTeamCountry "CZE"]

1. d4 Nf6 2. Nf3 e6 3. Bf4 c5 4. c3 b6 5. Nbd2 Bb7 6. e3 Be7 7. Bd3 cxd4 8. exd4 0-0 9. 0-0 d6 10. h3 Nbd7 11. Nc4 Qc7 12. Re1 Rfe8 13. a4 a6 14. Ne3 Bc6 15. Nh2 Qb7 16. Nhg4 Be4 17. Bh2 Nxg4 18. hxg4 Bxd3 19. Qxd3 d5 20. Bf4 b5 21. axb5 axb5 22. Rxa8 Rxa8 23. Nf1 Qc6 24. Nd2 Nb6 25. Re3 Nc4 26. Rh3 g6 27. Qg3 Nxd2 28. Bxd2 Bd6 29. Bf4 Ra1+ 30. Kh2 Ra6 31. Be5 Qc7 32. Qf4 Bxe5 33. dxe5 Ra4 34. b4 Ra3 35. Qc1 Rb3 36. Qe3 Ra3 37. f4 Qa7 38. Qxa7 Rxa7 39. Rd3 Rc7 40. Kg3 h6 1/2-1/2